Footprints : (Record no. 1217)
[ view plain ]
| 000 -LEADER | |
|---|---|
| fixed length control field | 00623pam a2200205 i 4500 |
| 001 - CONTROL NUMBER | |
| control field | 410513 |
| 005 - DATE AND TIME OF LATEST TRANSACTION | |
| control field | 20241114171459.0 |
| 008 - FIXED-LENGTH DATA ELEMENTS--GENERAL INFORMATION | |
| fixed length control field | 801016s1981 orua 000 0 eng |
| 020 ## - INTERNATIONAL STANDARD BOOK NUMBER | |
| International Standard Book Number | 0930014553 |
| 050 00 - LIBRARY OF CONGRESS CALL NUMBER | |
| Classification number | HQ536 |
| Item number | .H46 |
| 082 00 - DEWEY DECIMAL CLASSIFICATION NUMBER | |
| Classification number | 306.8 |
| Edition information | 19 |
| 100 1# - MAIN ENTRY--PERSONAL NAME | |
| Personal name | Hendricks, Howard G. |
| 245 10 - TITLE STATEMENT | |
| Title | Footprints : |
| Remainder of title | walking through the passages of life / |
| Statement of responsibility, etc. | Howard & Jeanne Hendricks. |
| 260 ## - PUBLICATION, DISTRIBUTION, ETC. | |
| Place of publication, distribution, etc. | Portland, Or. : |
| Name of publisher, distributor, etc. | Multnomah Press, |
| Date of publication, distribution, etc. | c1981. |
| 300 ## - PHYSICAL DESCRIPTION | |
| Extent | 95 p. : |
| Other physical details | ill. ; |
| Dimensions | 22 cm. |
| 650 #0 - SUBJECT ADDED ENTRY--TOPICAL TERM | |
| Topical term or geographic name entry element | Marriage |
| Geographic subdivision | United States. |
| 650 #0 - SUBJECT ADDED ENTRY--TOPICAL TERM | |
| Topical term or geographic name entry element | Life cycle, Human. |
| 700 1# - ADDED ENTRY--PERSONAL NAME | |
| Personal name | Hendricks, Jeanne W., |
| Relator term | joint author. |
| 942 ## - ADDED ENTRY ELEMENTS (KOHA) | |
| Source of classification or shelving scheme | Library of Congress Classification |
| Koha item type | Books |
| Suppress in OPAC | No |
| 999 ## - | |
| -- | 1217 |
| -- | 1217 |
No items available.